<?xml version="1.0" encoding="UTF-8"?>
<record
    xmlns:xsi="http://www.w3.org/2001/XMLSchema-instance"
    xsi:schemaLocation="http://www.loc.gov/MARC21/slim http://www.loc.gov/standards/marcxml/schema/MARC21slim.xsd"
    xmlns="http://www.loc.gov/MARC21/slim">

  <leader>01300cam a2200277 a 4500</leader>
  <controlfield tag="001">84074</controlfield>
  <controlfield tag="003">BD-RjUL</controlfield>
  <controlfield tag="005">20241003131639.0</controlfield>
  <controlfield tag="008">241002s2002    bg       b    000 0 ara  </controlfield>
  <datafield tag="035" ind1=" " ind2=" ">
    <subfield code="a">(BD-RjUL)84074</subfield>
  </datafield>
  <datafield tag="040" ind1=" " ind2=" ">
    <subfield code="a">DLC-R</subfield>
    <subfield code="c">DLC-R</subfield>
    <subfield code="d">DLC</subfield>
  </datafield>
  <datafield tag="082" ind1=" " ind2=" ">
    <subfield code="2">23</subfield>
    <subfield code="a">181.07</subfield>
    <subfield code="b">MUA 2002</subfield>
  </datafield>
  <datafield tag="100" ind1="1" ind2=" ">
    <subfield code="a">&#x645;&#x62E;&#x644;&#x635;,  &#x627;&#x644;&#x631;&#x62D;&#x645;&#x646; &#x645;&#x62D;&#x645;&#x62F; ;;  Mukhlesur Rahman,  Muhammad</subfield>
    <subfield code="9">13700</subfield>
  </datafield>
  <datafield tag="245" ind1="1" ind2="0">
    <subfield code="a">&#x623;&#x628;&#x648; &#x627;&#x644;&#x62D;&#x633;&#x646; &#x627;&#x644;&#x623;&#x634;&#x639;&#x631;&#x64A; : &#x623;&#x62B;&#x627;&#x631;&#x647; &#x641;&#x64A; &#x639;&#x644;&#x645; &#x627;&#x644;&#x643;&#x644;&#x627;&#x645;  : Ab&#x16B; al-&#x1E24;asan al-Ash&#x2BB;ar&#x12B;  : 'atharah fi ilm alkalam /</subfield>
    <subfield code="c">&#x645;&#x62D;&#x645;&#x62F; &#x645;&#x62E;&#x644;&#x635; &#x627;&#x644;&#x631;&#x62D;&#x645;&#x646;  ;;;;  Muhammad Mukhlesur Rahman    [Prepared and presented]</subfield>
    <subfield code="6">F.M.I.H Taqi and  Muhammad Belal Uddin  ;;;;     &#x645;&#x62D;&#x645;&#x62F; &#x628;&#x644;&#x627;&#x644; &#x62D;&#x633;&#x64A;&#x646;  ;;&#x627;&#x64A;&#x641; -&#x627;&#x64A;&#x645;- &#x627;&#x64A; -&#x627;&#x626;&#x64A;&#x633;- &#x62A;&#x642;&#x64A;  </subfield>
  </datafield>
  <datafield tag="250" ind1=" " ind2=" ">
    <subfield code="a">al-&#x1E6C;ab&#x2BB;ah 1.</subfield>
  </datafield>
  <datafield tag="260" ind1=" " ind2=" ">
    <subfield code="a">Rajshahi :</subfield>
    <subfield code="b">Islamic Studies R.U.,</subfield>
    <subfield code="c">2002</subfield>
  </datafield>
  <datafield tag="300" ind1=" " ind2=" ">
    <subfield code="a">266 p. ;</subfield>
    <subfield code="c">28 cm.</subfield>
  </datafield>
  <datafield tag="440" ind1=" " ind2="0">
    <subfield code="a">Silsilat &#x2BB;aq&#x12B;dat al-salaf ;</subfield>
    <subfield code="v">1</subfield>
    <subfield code="9">13701</subfield>
  </datafield>
  <datafield tag="502" ind1=" " ind2=" ">
    <subfield code="a">PHD- Thesis- Islamic Studies R.U.</subfield>
  </datafield>
  <datafield tag="504" ind1=" " ind2=" ">
    <subfield code="a">Includes bibliographical references.</subfield>
  </datafield>
  <datafield tag="600" ind1="1" ind2="0">
    <subfield code="a">Ash&#x2BB;ar&#x12B;, Ab&#x16B; al-&#x1E24;asan &#x2BB;Al&#x12B; ibn Ism&#x101;&#x2BB;&#x12B;l,</subfield>
    <subfield code="d">873?-935?.</subfield>
    <subfield code="9">13702</subfield>
  </datafield>
  <datafield tag="650" ind1=" " ind2="0">
    <subfield code="a">Islam</subfield>
    <subfield code="x">Doctrines.</subfield>
  </datafield>
  <datafield tag="650" ind1=" " ind2="0">
    <subfield code="a">Islamic philosophy.</subfield>
  </datafield>
  <datafield tag="700" ind1=" " ind2=" ">
    <subfield code="a"> Taqi, F.M.I.H  and  Belal Hussain, Muhammad   ;;;;     &#x628;&#x644;&#x627;&#x644; &#x62D;&#x633;&#x64A;&#x646;  ;;&#x627;- &#x62A;&#x642;&#x64A;  </subfield>
    <subfield code="9">13703</subfield>
  </datafield>
  <datafield tag="942" ind1=" " ind2=" ">
    <subfield code="2">ddc</subfield>
    <subfield code="c">THE</subfield>
  </datafield>
  <datafield tag="999" ind1=" " ind2=" ">
    <subfield code="c">84074</subfield>
    <subfield code="d">84074</subfield>
  </datafield>
  <datafield tag="952" ind1=" " ind2=" ">
    <subfield code="1">0</subfield>
    <subfield code="2">ddc</subfield>
    <subfield code="4">0</subfield>
    <subfield code="7">1</subfield>
    <subfield code="8">THESES</subfield>
    <subfield code="a">RUCL</subfield>
    <subfield code="b">RUCL</subfield>
    <subfield code="c">REF</subfield>
    <subfield code="d">2003-06-22</subfield>
    <subfield code="e">R.U</subfield>
    <subfield code="l">0</subfield>
    <subfield code="o">A THE  181.07 MUA 2002</subfield>
    <subfield code="p">D2209</subfield>
    <subfield code="r">2024-10-03 00:00:00</subfield>
    <subfield code="t">C-1</subfield>
    <subfield code="y">THE</subfield>
  </datafield>
</record>
